Locke y la educación para la libertad
Gardado en:
| Autor Principal: | |
|---|---|
| Formato: | Libro |
| Idioma: | Lingua castelá |
| Publicado: |
Buenos Aires
Grupo Editor Latinaomericano
1991
|
| Series: | Colección Temas
|
| Subjects: | |
| Tags: |
Engadir etiqueta
Sen Etiquetas, Sexa o primeiro en etiquetar este rexistro!
|
MARC
| LEADER | 00000nam a2200000 a 4500 | ||
|---|---|---|---|
| 001 | UCV2849 | ||
| 003 | CL-VaPUC | ||
| 005 | 20240822162524.0 | ||
| 008 | 921203e19910000AG |||||||||||||||||spa|d | ||
| 999 | |c 210317 |d 210315 | ||
| 040 | |c Pontificia Universidad Católica de Valparaíso | ||
| 082 | 0 | 4 | |a 370.1 |b TAR |2 21 |
| 100 | 0 | |a Tarcov, Nathan |e author |9 297115 | |
| 245 | 1 | 0 | |a Locke y la educación para la libertad |
| 260 | |a Buenos Aires |b Grupo Editor Latinaomericano |c 1991 | ||
| 300 | |a 298 p | ||
| 490 | 0 | |a Colección Temas | |
| 583 | |a last modification |c 19921203 00:00:00 |k Rodrigo Vera | ||
| 600 | 0 | |a Locke, John |d 1632-1704 |9 860808 | |
| 650 | 0 | |a Filosofía de la educación |9 258384 | |
| 650 | 7 | |a FILOSOFIA POLITICA |2 CL-VaPUC |9 297116 | |
| 650 | 0 | |a Libertad |9 255686 | |
| 942 | |c BK |2 ddc | ||
| 945 | |d 19921203 00:00:00 | ||
| 952 | |0 0 |1 0 |4 0 |6 370_100000000000000_TAR_1991 |7 0 |8 P |9 186459 |a BIBDER |b BIBDER |d 2019-11-14 |i 253942K |l 1 |o 370.1 TAR 1991 |p 253942K |r 2023-11-27 |s 2023-11-17 |w 2019-11-14 |y BK |k DER | ||
| 952 | |0 0 |1 0 |4 0 |6 370_100000000000000_TAR_1991 |7 0 |8 A |9 186460 |a BIBHIS |b BIBHIS |d 2019-11-14 |i 2539438 |o 370.1 TAR 1991 |p 2539438 |r 2025-01-20 |w 2019-11-14 |y BK |k HIS | ||